| 000 | 00682nmc a2200265 a 4500 | ||
|---|---|---|---|
| 003 | AR-BaBNM | ||
| 005 | 20251128204607.0 | ||
| 008 | 057019s1991 ||||||||||||||000 | spa|| | ||
| 020 | _a84-236-3992-4 | ||
| 040 | _cAR-BaBNM | ||
| 100 | 1 | _aWatson, Joy | |
| 245 | 1 | 0 | _aLas zapatillas del abuelo |
| 260 |
_aBarcelona _bEdebé _c1991 |
||
| 300 | 0 |
_a31 p. _bil. |
|
| 490 | 0 |
_aTren azul _vv. 4 |
|
| 500 | 0 | _aSe recomienda para primeras lecturas | |
| 650 | 4 | _aLITERATURA INFANTIL | |
| 650 | 4 | _aLIBROS PARA NINOS | |
| 650 | 4 | _aLITERATURA ESPANOLA | |
| 653 | 0 | _aCUENTOS DE HUMOR | |
| 655 | _aLITERATURA | ||
| 700 | 1 |
_aHodder, Wendy _eilustrador |
|
| 942 | _cBK | ||
| 998 | _cLAURA | ||
| 999 |
_c8058 _d8058 |
||